ბათუმის შოთა რუსთაველის სახელმწიფო უნივერსიტეტის ბიბლიოთეკა

Обучение конспектированию (ბიბ.ჩანაწერი № 35141)

000 -LEADER
fixed length control field 00567nam a2200217Ia 4500
001 - CONTROL NUMBER
control field 983
003 - CONTROL NUMBER IDENTIFIER
control field GE_BSU
008 - FIXED-LENGTH DATA ELEMENTS--GENERAL INFORMATION
fixed length control field 181216s||||||||xx |||||||||||||| ||und||
040 ## - CATALOGING SOURCE
Transcribing agency GE_BSU
080 ## - UNIVERSAL DECIMAL CLASSIFICATION NUMBER
Universal Decimal Classification number 811.116.2
100 ## - MAIN ENTRY--PERSONAL NAME
Personal name Павлова,В.П.
245 ## - TITLE STATEMENT
Title Обучение конспектированию
245 ## - TITLE STATEMENT
Remainder of title (теория и практика)
260 ## - PUBLICATION, DISTRIBUTION, ETC.
Place of publication, distribution, etc. Москва
260 ## - PUBLICATION, DISTRIBUTION, ETC.
Name of publisher, distributor, etc. Русский язык
260 ## - PUBLICATION, DISTRIBUTION, ETC.
Date of publication, distribution, etc. 1983
300 ## - PHYSICAL DESCRIPTION
Extent 96стр.
653 ## - INDEX TERM--UNCONTROLLED
Uncontrolled term Обучение конпектированию
942 ## - ADDED ENTRY ELEMENTS (KOHA)
Koha item type წიგნი
ეგზემპლარები
Withdrawn status Lost status Damaged status Not for loan Date acquired Barcode Date last seen Price effective from Koha item type
        2018-12-17 1674 2018-12-17 2018-12-17 წიგნი